Sports Quiz

Random Sports Quiz
Score 0/10 Timer 01:00
0 Plays Today
Hint Answer % Correct
KagawaShinji
91.8%
AzpilicuetaCesar
80.3%
JedinakMile
68.9%
FigueroaMaynor
65.6%
PantilimonCostel
60.7%
MaigaModibo
54.1%
BacunaLeandro
50.8%
Yanga-MbiwaMapou
37.7%
DikgacoiKagisho
32.8%
RobergeValentin
31.1%

You're not logged in!

Compare scores with friends on all Sporcle quizzes.
OR
Log In

Sporcle TV

Today on Sporcle TV


Watch our educational content, quiz creation guides, and fun videos on Sporcle TV.

Show Comments

Extras

Created Oct 27, 2013ReportNominate
Tags:league, Premier

Top Quizzes Today


Score Distribution

Paid Content

Your Account Isn't Verified!

In order to create a playlist on Sporcle, you need to verify the email address you used during registration. Go to your Sporcle Settings to finish the process.

Report this User

Report this user for behavior that violates our Community Guidelines.

Details: